00258nam a2200109 a 4500008004100000050001700041100002200058245003800080250001200118260000900130350000900139120416s1946 xx |||||||||||||| || u aTS 752.5 Bax aBaxter, William T10aJewlry gem cutting and metalcraft a3rd ed. c1946 a0.00